Colombia Country Quiz - Statistics

General Stats
  • This quiz has been taken 213 times
  • The average score is 5 of 14
Answer Stats
Hint Answer % Correct
Capital Bogota
99%
Third largest city and capital of Antioquia Department Medellin
93%
Second largest city Santiago de Cali
83%
Fifth largest city, famous for slave trade Cartagena de Indios
74%
Large city named for a bay that is Colombia's largest pacific port Buenaventura
36%
Above is on what eninsula Peninsula de la Guajira
29%
Fourth largest city, near the mouth of the Magdalena River Baranquilla
27%
Northernmost point Punta Gallinas
21%
River between Colomia and Peru and partially Ecuador Putumayo River
13%
Turbo is on what gulf between Colombia and Panama Golfo de Uraba
12%
Pico Cristobal Colon
9%
Two mountains that are the highest point Pico Simon Bolivar
8%
Above is in what national park? Sierra Nevada de Santa Marta National Park
8%
Tributary of the Orinoco that forms parts part of the border between Colombia and Venezuela Meta River
7%
No matching quizzes found
Score Distribution
Percent of People with Each Score
Percentile by Number Answered
Your Score History
You have not taken this quiz